[Event "SVK-chT1W 1516"]
[Site "Slovakia"]
[Date "2016.02.21"]
[Round "9.2"]
[White "Janos, Martin"]
[Black "Berczes, Csaba"]
[Result "0-1"]
[WhiteElo "2269"]
[BlackElo "2361"]
[PlyCount "126"]
[EventDate "2015.10.24"]
[EventType "team-tourn"]
[EventRounds "11"]
[EventCountry "SVK"]
[SourceTitle "EXT 2017"]
[Source "ChessBase"]
[SourceDate "2016.10.25"]
[SourceVersion "1"]
[SourceVersionDate "2016.10.25"]
[SourceQuality "1"]
[WhiteTeam "Bratislava Slovan II"]
[BlackTeam "Gabcikovo"]
[WhiteTeamCountry "SVK"]
[BlackTeamCountry "SVK"]

1. e4 d6 2. d4 Nf6 3. Nc3 Nc6 4. h3 e5 5. Nf3 a6 6. Be3 Qe7 7. d5 Nd8 8. a4 g6 9. Qd2 Bg7 10. Bd3 Ng8 11. Be2 f5 12. Qd3 Nf6 13. Qc4 Nf7 14. 0-0-0 Bh6 15. Bxh6 Nxh6 16. Ng5 0-0 17. Kb1 Kg7 18. Rhe1 Ne8 19. Nf3 f4 20. Rd3 Nf7 21. Nd2 h5 22. Rg1 Rh8 23. Qb3 Kf8 24. Nc4 Nf6 25. Na5 Nd8 26. g3 g5 27. h4 gxh4 28. gxf4 exf4 29. Rf3 Rg8 30. Rxg8+ Kxg8 31. Rxf4 Ng4 32. Nd1 Qg5 33. Qf3 Ne5 34. Qe3 Ndf7 35. Nc4 Ng6 36. Rf3 Bg4 37. Qb3 Bxf3 38. Bxf3 b6 39. Nde3 Nfe5 40. Nxe5 Nxe5 41. Bg2 Rf8 42. Bh3 Ng4 43. Qc3 Qg7 44. Qd3 Rf3 45. Bxg4 hxg4 46. Qxa6 Rf8 47. Nf5 Qg5 48. Qe2 h3 49. Ng3 h2 50. Ka2 Rf3 51. Nh1 Qe5 52. Qc4 Rf7 53. Qe2 Qf4 54. Ng3 Qf3 55. Qd2 Qxg3 56. Qg5+ Rg7 57. Qd8+ Kh7 58. fxg3 h1Q 59. Qe8 Qh6 60. Qd8 Qg5 61. Qe8 Qg6 62. Qc6 Qxe4 63. c4 Qe5 0-1